Personnel management in public sector industries : A case study of Visvesvaraya Iron and Steel Industry Bhadravati in Karnataka (Record no. 17972)

MARC details
000 -LEADER
fixed length control field 00752nam a2200169Ia 4500
082 ## - DEWEY DECIMAL CLASSIFICATION NUMBER
Classification number TL.0044
100 ## - MAIN ENTRY--AUTHOR NAME
Personal name Lobo, Anthony
245 #0 - TITLE STATEMENT
Title Personnel management in public sector industries : A case study of Visvesvaraya Iron and Steel Industry Bhadravati in Karnataka
260 ## - PUBLICATION, DISTRIBUTION, ETC. (IMPRINT)
Year of publication 1984
Name of publisher Karnatak University
300 ## - PHYSICAL DESCRIPTION
Number of Pages 208p. + C D - 45
650 ## - SUBJECT ADDED ENTRY--TOPICAL TERM
Topical Term STEEL INDUSTRY AND TRADE///VISVESVARAYA IRON AND STEEL INDUSTRY, BHADRAVATI - PERSONNEL MANAGEMENT
650 ## - SUBJECT ADDED ENTRY--TOPICAL TERM
Topical Term VISVESVARAYA IRON AND STEEL INDUSTRY, BHADRAVATI - PERSONNEL MANAGEMENT
650 ## - SUBJECT ADDED ENTRY--TOPICAL TERM
Topical Term PUBLIC SECTOR - KARNATAKA - BHADRAVATI
650 ## - SUBJECT ADDED ENTRY--TOPICAL TERM
Topical Term IRON INDUSTRY AND TRADE///VISVESVARAYA IRON AND STEEL INDUSTRY, BHADRAVATI - PERSONNEL
710 ## - ADDED ENTRY--CORPORATE NAME
Corporate name or jurisdiction name as entry element Mullikarjunappa, K.R.
942 ## - ADDED ENTRY ELEMENTS (KOHA)
Koha item type Thesis
Source of classification or shelving scheme Dewey Decimal Classification
Holdings
Withdrawn status Lost status Damaged status Not for loan Home library Current library Date acquired Bill Date Full call number Accession Number Price effective from Koha item type
        NASSDOC Library NASSDOC Library 08/10/2004 2004-10-22 TL.0044 23346 18/04/2019 Thesis